[Event "WCO 2016"]
[Site "?"]
[Date "2016.09.13"]
[Round "11"]
[Board "17"]
[WhiteID "10002235"]
[White "Mdoe Yusuf"]
[BlackID "21200017"]
[Black "Amewounou Komlan Kouessan"]
[Result "1/2-1/2"]
[BlackElo "1798"]
[WhiteElo "1758"]
[LiveChessVersion "1.4.8"]

1. d4 {[%clk 1:30:52]} Nf6 {[%clk 1:30:50]} 2. Nf3 {[%clk 1:31:07]} d5
{[%clk 1:31:12]} 3. e3 {[%clk 1:31:21]} g6 {[%clk 1:31:33]} 4. Bd3
{[%clk 1:31:35]} Bg7 {[%clk 1:31:54]} 5. O-O {[%clk 1:31:40]} O-O
{[%clk 1:32:17]} 6. Nbd2 {[%clk 1:32:03]} Nbd7 {[%clk 1:31:21]} 7. b3
{[%clk 1:31:36]} c5 {[%clk 1:29:42]} 8. Bb2 {[%clk 1:31:53]} a6 {[%clk 1:29:04]}
9. c4 {[%clk 1:31:58]} b6 {[%clk 1:28:57]} 10. Rc1 {[%clk 1:31:18]} Bb7
{[%clk 1:29:12]} 11. Ba3 {[%clk 1:30:51]} Rc8 {[%clk 1:25:48]} 12. Qe2
{[%clk 1:30:53]} dxc4 {[%clk 1:16:52]} 13. Nxc4 {[%clk 1:30:24]} Re8
{[%clk 1:14:35]} 14. Ncd2 {[%clk 1:29:23]} cxd4 {[%clk 1:13:40]} 15. Nxd4
{[%clk 1:29:32]} e5 {[%clk 1:11:32]} 16. Rxc8 {[%clk 1:28:46]} Qxc8
{[%clk 1:11:49]} 17. Nc2 {[%clk 1:23:08]} e4 {[%clk 1:11:34]} 18. Bc4
{[%clk 1:20:06]} b5 {[%clk 1:11:43]} 19. Nd4 {[%clk 1:17:00]} bxc4
{[%clk 1:11:26]} 20. Nxc4 {[%clk 1:16:11]} Bf8 {[%clk 1:04:20]} 21. Qb2
{[%clk 1:15:33]} Bxa3 {[%clk 0:56:35]} 22. Qxa3 {[%clk 1:15:50]} Qc5
{[%clk 0:56:55]} 23. Qxc5 {[%clk 1:12:16]} Nxc5 {[%clk 0:57:13]} 24. Nd6
{[%clk 1:12:01]} Re7 {[%clk 0:55:29]} 25. Nxb7 {[%clk 1:07:17]} Rxb7
{[%clk 0:55:19]} 26. Rc1 {[%clk 1:06:56]} Nd3 {[%clk 0:55:39]} 27. Rc8+
{[%clk 1:05:56]} Kg7 {[%clk 0:55:49]} 28. h3 {[%clk 1:06:08]} Nb4
{[%clk 0:55:02]} 29. a3 {[%clk 1:03:57]} Nbd5 {[%clk 0:54:56]} 30. g4
{[%clk 1:03:12]} h6 {[%clk 0:55:08]} 31. b4 {[%clk 1:00:30]} Ra7 {[%clk 0:55:07]}
32. Rc6 {[%clk 0:56:27]} Nd7 {[%clk 0:43:46]} 33. Rd6 {[%clk 0:53:37]} N5f6
{[%clk 0:43:35]} 34. a4 {[%clk 0:52:44]} Ne5 {[%clk 0:43:47]} 35. Kg2
{[%clk 0:47:31]} Nc4 {[%clk 0:42:44]} 36. Rc6 {[%clk 0:46:08]} Nb2
{[%clk 0:42:59]} 37. a5 {[%clk 0:45:00]} Nd3 {[%clk 0:42:50]} 38. Nc2
{[%clk 0:44:06]} Nd5 {[%clk 0:40:07]} 39. Rc4 {[%clk 0:41:48]} Rc7
{[%clk 0:40:23]} 40. Rxc7 {[%clk 1:10:51]} Nxc7 {[%clk 1:10:43]} 41. f3
{[%clk 1:11:15]} exf3+ {[%clk 1:10:42]} 42. Kxf3 {[%clk 1:11:24]} Nd5
{[%clk 1:10:48]} 43. b5 {[%clk 1:10:33]} axb5 {[%clk 1:10:59]} 44. Ke4
{[%clk 1:10:13]} N3b4 {[%clk 1:11:17]} 45. Nd4 {[%clk 1:08:57]} Nc7
{[%clk 1:11:03]} 46. Ke5 {[%clk 1:08:41]} Nba6 {[%clk 1:09:48]} 47. Kd6
{[%clk 1:08:09]} b4 {[%clk 1:09:19]} 48. Kc6 {[%clk 1:06:45]} Kf6
{[%clk 1:09:55]} 49. Kb6 {[%clk 1:04:30]} h5 {[%clk 1:07:38]} 50. gxh5
{[%clk 1:03:53]} gxh5 {[%clk 1:07:45]} 51. h4 {[%clk 1:04:08]} Ke5
{[%clk 1:04:17]} 52. Nc6+ {[%clk 1:03:11]} Ke4 {[%clk 1:04:35]} 53. Nxb4
{[%clk 1:03:04]} Nxb4 {[%clk 1:04:55]} 54. Kxc7 {[%clk 1:03:25]} Kxe3
{[%clk 1:05:15]} 55. Kb6 {[%clk 1:03:35]} Kd4 {[%clk 1:05:25]} 56. Kb5
{[%clk 1:03:42]} Kc3 {[%clk 1:05:36]} 57. Kc5 {[%clk 1:03:49]} f5
{[%clk 1:04:38]} 58. a6 {[%clk 1:03:39]} Nxa6+ {[%clk 1:04:59]} 59. Kd5
{[%clk 1:03:45]} Kd3 {[%clk 0:58:54]} 60. Ke5 {[%clk 1:02:26]} Nc7
{[%clk 0:58:57]} 61. Kxf5 {[%clk 1:02:06]} Ne8 {[%clk 0:59:14]} 62. Kg6
{[%clk 1:01:37]} Ke3 {[%clk 0:57:56]} 63. Kxh5 {[%clk 1:01:29]} Kf4
{[%clk 0:57:57]} 64. Kg6 {[%clk 1:01:29]} Nd6 65. h5 Nf5 {[%clk 0:57:14]} 1/2-1/2

[Event "WCO 2016"]
[Site "?"]
[Date "2016.09.13"]
[Round "11"]
[Board "18"]
[WhiteID "21200025"]
[White "Botsoe Koffi"]
[BlackID "10002251"]
[Black "Mlawa Hemed"]
[Result "1/2-1/2"]
[BlackElo "1782"]
[WhiteElo "1610"]
[LiveChessVersion "1.4.8"]

1. e4 {[%clk 1:30:53]} c5 {[%clk 1:30:54]} 2. Nf3 {[%clk 1:30:06]} e6
{[%clk 1:31:18]} 3. d3 {[%clk 1:30:04]} Nc6 {[%clk 1:30:02]} 4. c3
{[%clk 1:29:24]} g6 {[%clk 1:29:31]} 5. Be2 {[%clk 1:29:00]} Bg7 {[%clk 1:29:52]}
6. Be3 {[%clk 1:27:58]} Nge7 {[%clk 1:29:30]} 7. Bxc5 {[%clk 1:24:31]} O-O
{[%clk 1:29:33]} 8. O-O {[%clk 1:24:44]} Re8 {[%clk 1:29:31]} 9. Be3
{[%clk 1:24:41]} d5 {[%clk 1:29:55]} 10. exd5 {[%clk 1:24:26]} Nxd5
{[%clk 1:30:18]} 11. Bg5 {[%clk 1:18:51]} Qd7 {[%clk 1:28:46]} 12. Bh4
{[%clk 1:16:53]} Nf4 {[%clk 1:28:38]} 13. Re1 {[%clk 1:15:37]} Nxe2+
{[%clk 1:28:45]} 14. Qxe2 {[%clk 1:14:26]} b6 {[%clk 1:29:03]} 15. Nbd2
{[%clk 1:14:21]} Ba6 {[%clk 1:28:41]} 16. Nc4 {[%clk 1:09:06]} e5
{[%clk 1:25:25]} 17. Rad1 {[%clk 1:07:09]} b5 {[%clk 1:16:54]} 18. Ne3
{[%clk 0:56:25]} Nd4 19. cxd4 {[%clk 0:46:05]} exd4 {[%clk 1:13:11]} 20. b4
{[%clk 0:45:02]} Bb7 {[%clk 1:12:04]} 21. Nd2 {[%clk 0:37:00]} dxe3
{[%clk 0:58:46]} 22. fxe3 {[%clk 0:36:53]} Qd5 {[%clk 0:58:57]} 23. Ne4
{[%clk 0:36:01]} f5 {[%clk 0:58:03]} 24. Nc5 {[%clk 0:35:36]} Rxe3
{[%clk 0:58:04]} 25. Qf1 {[%clk 0:28:47]} Rae8 {[%clk 0:48:10]} 26. Nxb7
{[%clk 0:25:44]} Qxb7 {[%clk 0:48:08]} 27. Bf2 {[%clk 0:22:03]} R3e5
{[%clk 0:44:32]} 28. d4 {[%clk 0:20:02]} Re4 {[%clk 0:44:19]} 29. a3
{[%clk 0:19:11]} Qd5 {[%clk 0:43:16]} 30. Rxe4 {[%clk 0:16:51]} fxe4
{[%clk 0:43:34]} 31. Qe2 {[%clk 0:15:59]} e3 {[%clk 0:39:44]} 32. Bxe3
{[%clk 0:14:23]} Bh6 {[%clk 0:40:08]} 33. Rd3 {[%clk 0:14:25]} Rxe3
{[%clk 0:40:33]} 34. Rxe3 {[%clk 0:14:01]} 1/2-1/2

[Event "WCO 2016"]
[Site "?"]
[Date "2016.09.13"]
[Round "11"]
[Board "22"]
[WhiteID "32500017"]
[White "Elmi Boulaleh Mohamed"]
[BlackID "16600240"]
[Black "Balbalosa Jeffrey"]
[Result "0-1"]
[BlackElo "1768"]
[WhiteElo "1502"]
[LiveChessVersion "1.4.8"]

1. c4 {[%clk 1:30:54]} e5 {[%clk 1:30:44]} 2. e3 {[%clk 1:30:52]} d6
{[%clk 1:31:05]} 3. Ne2 {[%clk 1:30:52]} Nf6 {[%clk 1:31:28]} 4. h3
{[%clk 1:30:44]} Be7 {[%clk 1:31:51]} 5. Ng3 {[%clk 1:31:12]} Nc6
{[%clk 1:31:54]} 6. a3 {[%clk 1:31:24]} b6 {[%clk 1:32:19]} 7. Nc3
{[%clk 1:31:24]} Bb7 {[%clk 1:32:43]} 8. Bd3 {[%clk 1:30:50]} a6 {[%clk 1:27:17]}
9. Nf5 {[%clk 1:30:03]} Bf8 {[%clk 1:22:12]} 10. O-O {[%clk 1:30:30]} g6
{[%clk 1:22:21]} 11. Ng3 {[%clk 1:30:25]} Bg7 {[%clk 1:22:34]} 12. Bc2
{[%clk 1:27:12]} Ne7 {[%clk 1:20:03]} 13. d4 {[%clk 1:26:22]} c6 {[%clk 1:17:37]}
14. Qf3 {[%clk 1:23:09]} O-O {[%clk 1:17:22]} 15. dxe5 {[%clk 1:21:17]} dxe5
{[%clk 1:17:28]} 16. Rd1 {[%clk 1:21:44]} Qc7 {[%clk 1:17:32]} 17. Nce4 Nxe4
{[%clk 1:12:49]} 18. Nxe4 {[%clk 1:20:06]} Rad8 {[%clk 1:11:21]} 19. Bd2
{[%clk 1:20:01]} c5 {[%clk 1:06:59]} 20. Nf6+ {[%clk 1:17:40]} Kh8
{[%clk 1:02:36]} 21. e4 {[%clk 1:16:32]} Rd6 {[%clk 1:02:39]} 22. Nd5
{[%clk 1:08:20]} Nxd5 {[%clk 0:49:46]} 23. cxd5 {[%clk 1:08:03]} Bc8
{[%clk 0:47:51]} 24. Rac1 {[%clk 1:07:03]} f6 {[%clk 0:37:09]} 25. b4
{[%clk 1:05:40]} c4 {[%clk 0:36:26]} 26. a4 {[%clk 1:04:38]} b5 {[%clk 0:36:26]}
27. Be3 {[%clk 1:04:23]} Rf7 {[%clk 0:35:51]} 28. Bc5 {[%clk 1:04:27]} Rdd7
{[%clk 0:36:05]} 29. Qa3 {[%clk 1:02:40]} Rd8 {[%clk 0:35:46]} 30. a5
{[%clk 1:01:03]} Qd7 {[%clk 0:34:50]} 31. Qg3 {[%clk 0:58:33]} Bh6
{[%clk 0:34:39]} 32. Ra1 {[%clk 0:57:58]} Bf4 {[%clk 0:34:38]} 33. Qf3
{[%clk 0:56:45]} Rg8 {[%clk 0:32:46]} 34. Ra3 {[%clk 0:56:09]} g5
{[%clk 0:26:10]} 35. Qh5 {[%clk 0:53:17]} Rg6 {[%clk 0:17:56]} 36. Qe2
{[%clk 0:48:18]} g4 {[%clk 0:16:00]} 37. h4 {[%clk 0:48:12]} g3 {[%clk 0:12:58]}
38. Rf1 {[%clk 0:42:34]} gxf2+ {[%clk 0:08:42]} 39. Bxf2 {[%clk 0:41:37]} Rfg7
{[%clk 0:08:27]} 40. g3 Qh3 {[%clk 0:37:47]} 41. Qh5 {[%clk 1:07:37]} Rxg3+
{[%clk 0:37:36]} 42. Bxg3 {[%clk 1:07:47]} Rxg3+ {[%clk 0:38:01]} 43. Kf2
{[%clk 1:07:30]} Qg2+ {[%clk 0:37:43]} 44. Ke1 0-1

[Event "WCO 2016"]
[Site "?"]
[Date "2016.09.13"]
[Round "11"]
[Board "25"]
[WhiteID "4107101"]
[White "Meshkov Yuri A."]
[BlackID "7600801"]
[Black "Rayes Abdul Kader"]
[Result "1/2-1/2"]
[BlackElo "2254"]
[WhiteElo "2354"]
[LiveChessVersion "1.4.8"]

1. e4 {[%clk 1:30:55]} c5 {[%clk 1:30:44]} 2. Nf3 {[%clk 1:31:13]} d6
{[%clk 1:31:03]} 3. Bb5+ {[%clk 1:31:33]} Bd7 {[%clk 1:31:28]} 4. a4
{[%clk 1:31:31]} Nc6 {[%clk 1:31:25]} 5. O-O {[%clk 1:29:41]} Nf6
{[%clk 1:31:09]} 6. Re1 {[%clk 1:29:23]} e6 {[%clk 1:30:29]} 7. c3
{[%clk 1:28:13]} Be7 {[%clk 1:30:46]} 8. d4 {[%clk 1:28:37]} cxd4
{[%clk 1:31:12]} 9. cxd4 {[%clk 1:26:30]} d5 {[%clk 1:31:35]} 10. e5
{[%clk 1:26:20]} Ne4 {[%clk 1:31:55]} 11. Nc3 Nxc3 {[%clk 1:32:12]} 12. bxc3
{[%clk 1:26:01]} Na5 13. Bd3 {[%clk 1:25:22]} Rc8 {[%clk 1:31:53]} 14. Qc2 h6
{[%clk 1:31:55]} 15. Nd2 {[%clk 1:07:13]} Rc6 {[%clk 1:12:55]} 16. Re3
{[%clk 0:48:25]} Qc8 {[%clk 1:11:18]} 17. Bb5 {[%clk 0:43:25]} Rc7
{[%clk 1:04:17]} 18. Bxd7+ {[%clk 0:43:18]} Qxd7 {[%clk 0:56:32]} 19. Rg3
{[%clk 0:37:41]} g6 {[%clk 0:46:49]} 20. Nf1 {[%clk 0:31:55]} h5 {[%clk 0:43:06]}
21. Bd2 {[%clk 0:27:24]} b6 {[%clk 0:38:09]} 22. h3 {[%clk 0:27:34]} Nc4
{[%clk 0:32:55]} 23. Be1 Kd8 {[%clk 0:28:39]} 24. Rf3 {[%clk 0:24:40]} Bg5
{[%clk 0:28:19]} 25. g3 {[%clk 0:22:38]} Kc8 {[%clk 0:26:34]} 26. Kg2
{[%clk 0:21:57]} Kb8 {[%clk 0:22:18]} 27. Rd3 Rhc8 {[%clk 0:21:05]} 28. Qe2
{[%clk 0:21:56]} Qc6 {[%clk 0:18:50]} 29. Rdd1 {[%clk 0:21:09]} Na5
{[%clk 0:16:45]} 30. Rdb1 {[%clk 0:18:24]} Ka8 {[%clk 0:16:38]} 31. Rb5
{[%clk 0:17:27]} Qd7 {[%clk 0:14:40]} 32. f4 {[%clk 0:17:56]} Be7
{[%clk 0:15:15]} 33. Qd3 {[%clk 0:13:10]} Rc6 {[%clk 0:11:46]} 34. Ne3
{[%clk 0:09:23]} Bd8 {[%clk 0:11:19]} 35. g4 {[%clk 0:09:50]} hxg4
{[%clk 0:10:06]} 36. hxg4 {[%clk 0:07:57]} Be7 {[%clk 0:08:44]} 37. Nd1
{[%clk 0:07:45]} Rh8 {[%clk 0:08:26]} 38. Bg3 {[%clk 0:04:33]} Rcc8
{[%clk 0:07:57]} 39. Rbb1 {[%clk 0:04:04]} Qc6 {[%clk 0:06:41]} 40. Qb5
{[%clk 0:33:51]} Qc4 {[%clk 0:03:49]} 41. Qxc4 {[%clk 0:33:07]} Nxc4
{[%clk 0:33:39]} 42. Ra2 {[%clk 0:32:53]} Bh4 {[%clk 0:31:38]} 43. Bh2
{[%clk 0:33:10]} Be1 {[%clk 0:29:08]} 44. Re2 {[%clk 0:32:28]} Bd2
{[%clk 0:20:58]} 45. Bg3 {[%clk 0:31:25]} Rh7 {[%clk 0:20:52]} 46. Ra1
{[%clk 0:31:37]} Rch8 {[%clk 0:20:56]} 47. Ra2 {[%clk 0:30:54]} Bc1
{[%clk 0:20:33]} 48. Rac2 {[%clk 0:28:46]} Ba3 {[%clk 0:19:42]} 49. Nf2
{[%clk 0:26:00]} Kb7 {[%clk 0:18:16]} 50. Ra2 {[%clk 0:24:01]} Ka6
{[%clk 0:15:27]} 51. Re1 Ka5 {[%clk 0:10:27]} 52. Rb1 {[%clk 0:24:11]} Be7
{[%clk 0:10:37]} 53. Rb5+ {[%clk 0:19:52]} Ka6 {[%clk 0:10:55]} 54. Rb1
{[%clk 0:20:17]} Ka5 {[%clk 0:10:11]} 55. Rb5+ Ka6 {[%clk 0:10:30]} 56. Rb1
{[%clk 0:20:45]} Ka5 {[%clk 0:06:53]} 57. Rb5+ {[%clk 0:20:49]} Ka6
{[%clk 0:01:53]} 1/2-1/2

[Event "WCO 2016"]
[Site "?"]
[Date "2016.09.13"]
[Round "11"]
[Board "26"]
[WhiteID "7600569"]
[White "Bello Gassan"]
[BlackID "4101898"]
[Black "Babarykin Stanislav"]
[Result "0-1"]
[BlackElo "2339"]
[WhiteElo "2096"]
[LiveChessVersion "1.4.8"]

1. e4 {[%clk 1:30:59]} e5 {[%clk 1:30:13]} 2. Nf3 {[%clk 1:31:23]} Nc6
{[%clk 1:30:35]} 3. Bc4 {[%clk 1:31:43]} Nf6 {[%clk 1:30:55]} 4. d4
{[%clk 1:29:07]} exd4 {[%clk 1:28:26]} 5. O-O {[%clk 1:23:22]} Nxe4
{[%clk 1:24:46]} 6. Re1 {[%clk 1:23:33]} d5 {[%clk 1:25:07]} 7. Bxd5
{[%clk 1:23:30]} Qxd5 {[%clk 1:25:36]} 8. Nc3 {[%clk 1:23:46]} Qh5
{[%clk 1:04:02]} 9. Nxe4 {[%clk 1:19:31]} Be6 {[%clk 1:00:48]} 10. Nxd4
{[%clk 1:06:03]} Qxd1 {[%clk 0:55:03]} 11. Rxd1 {[%clk 1:02:14]} O-O-O
{[%clk 0:42:07]} 12. c3 {[%clk 1:02:30]} Nxd4 {[%clk 0:38:58]} 13. cxd4
{[%clk 1:01:16]} Be7 {[%clk 0:30:27]} 14. Be3 {[%clk 0:56:35]} b6
{[%clk 0:26:20]} 15. Nc3 {[%clk 0:54:46]} c6 {[%clk 0:19:57]} 16. Rac1
{[%clk 0:54:06]} Kb7 {[%clk 0:20:19]} 17. a3 {[%clk 0:44:45]} Rd7
{[%clk 0:08:31]} 18. Re1 {[%clk 0:39:42]} Rhd8 {[%clk 0:06:56]} 19. h3
{[%clk 0:28:44]} Bf6 {[%clk 0:05:19]} 20. Ne2 {[%clk 0:28:23]} g6
{[%clk 0:05:48]} 21. b4 {[%clk 0:25:50]} h5 {[%clk 0:03:48]} 22. Rc3
{[%clk 0:25:42]} b5 {[%clk 0:03:36]} 23. Rec1 {[%clk 0:25:20]} Bc4
{[%clk 0:04:05]} 24. Ng3 {[%clk 0:15:50]} Bxd4 {[%clk 0:02:09]} 25. Bxd4
{[%clk 0:10:23]} Rxd4 {[%clk 0:02:38]} 26. Re3 {[%clk 0:09:12]} f5
{[%clk 0:01:31]} 27. Ne2 {[%clk 0:07:35]} Rd1+ {[%clk 0:01:32]} 28. Rxd1
{[%clk 0:07:56]} Rxd1+ {[%clk 0:02:00]} 29. Kh2 {[%clk 0:08:14]} g5
{[%clk 0:00:53]} 30. Re7+ {[%clk 0:08:02]} Kb6 {[%clk 0:00:49]} 31. Ng3
{[%clk 0:08:23]} f4 {[%clk 0:00:38]} 32. Ne4 {[%clk 0:08:30]} Re1
{[%clk 0:00:53]} 33. f3 {[%clk 0:08:10]} Bd5 {[%clk 0:00:38]} 34. Rg7
{[%clk 0:04:03]} g4 {[%clk 0:00:38]} 35. hxg4 {[%clk 0:04:26]} Bxe4
{[%clk 0:01:01]} 36. fxe4 {[%clk 0:04:41]} hxg4 {[%clk 0:01:15]} 37. Rxg4
{[%clk 0:05:05]} Rxe4 {[%clk 0:01:42]} 38. Kg1 {[%clk 0:03:48]} Rc4
{[%clk 0:01:22]} 39. Kf2 {[%clk 0:04:07]} a5 {[%clk 0:01:22]} 40. bxa5+
{[%clk 0:34:06]} Kxa5 {[%clk 0:31:44]} 41. Kf3 {[%clk 0:34:27]} c5
{[%clk 0:22:16]} 42. Rxf4 {[%clk 0:34:35]} Rxf4+ {[%clk 0:22:11]} 43. Kxf4
{[%clk 0:34:56]} b4 {[%clk 0:22:32]} 44. axb4+ {[%clk 0:34:20]} cxb4
{[%clk 0:23:01]} 45. Ke3 {[%clk 0:34:09]} Ka4 {[%clk 0:23:19]} 46. Kd2
{[%clk 0:33:20]} Ka3 {[%clk 0:23:26]} 47. Kc1 {[%clk 0:29:26]} Ka2
{[%clk 0:23:55]} 0-1

[Event "WCO 2016"]
[Site "?"]
[Date "2016.09.13"]
[Round "11"]
[Board "27"]
[WhiteID "1116657"]
[White "Stachanczyk Jacek"]
[BlackID "7602421"]
[Black "Sohib Okla"]
[Result "0-1"]
[BlackElo "2153"]
[WhiteElo "2192"]
[LiveChessVersion "1.4.8"]

1. c4 {[%clk 1:31:19]} e5 {[%clk 1:30:35]} 2. g3 {[%clk 1:31:36]} Nf6
{[%clk 1:29:21]} 3. Bg2 {[%clk 1:31:55]} d5 {[%clk 1:29:27]} 4. cxd5
{[%clk 1:32:12]} Nxd5 {[%clk 1:29:22]} 5. Nc3 {[%clk 1:32:18]} Nb6
{[%clk 1:29:16]} 6. Nf3 {[%clk 1:32:31]} Nc6 {[%clk 1:29:29]} 7. O-O
{[%clk 1:32:39]} Be7 {[%clk 1:29:27]} 8. a3 {[%clk 1:32:29]} O-O {[%clk 1:28:14]}
9. b4 {[%clk 1:29:01]} Be6 {[%clk 1:26:23]} 10. Rb1 {[%clk 1:26:14]} f6
{[%clk 1:19:41]} 11. d3 {[%clk 1:26:11]} a5 {[%clk 1:07:22]} 12. b5
{[%clk 1:22:22]} Nd4 {[%clk 1:06:49]} 13. Nd2 {[%clk 1:20:35]} Nd5
{[%clk 0:59:27]} 14. Bb2 {[%clk 1:14:10]} c6 {[%clk 0:40:46]} 15. Nxd5
{[%clk 1:14:01]} Bxd5 {[%clk 0:39:48]} 16. Bxd5+ {[%clk 1:12:56]} Qxd5
{[%clk 0:36:17]} 17. Bxd4 {[%clk 1:12:12]} Qxd4 {[%clk 0:31:01]} 18. bxc6
{[%clk 0:58:18]} bxc6 {[%clk 0:31:01]} 19. Rb7 {[%clk 0:56:32]} Rae8
{[%clk 0:30:06]} 20. Qb3+ {[%clk 0:52:11]} Qd5 {[%clk 0:29:18]} 21. Nc4 a4
{[%clk 0:23:59]} 22. Qxa4 {[%clk 0:50:09]} f5 {[%clk 0:16:34]} 23. Qb3
{[%clk 0:18:06]} Bc5 {[%clk 0:12:44]} 24. Ne3 {[%clk 0:18:29]} Qxb3
{[%clk 0:12:29]} 25. Rxb3 {[%clk 0:15:35]} f4 {[%clk 0:11:01]} 26. Nc2
{[%clk 0:14:08]} Re6 {[%clk 0:07:09]} 27. Kg2 {[%clk 0:13:01]} Ref6
{[%clk 0:02:54]} 28. f3 {[%clk 0:10:34]} g5 {[%clk 0:02:42]} 29. g4
{[%clk 0:10:43]} h5 {[%clk 0:01:48]} 30. h3 Kf7 31. Rb7+ {[%clk 0:09:46]} Ke6
{[%clk 0:01:51]} 32. Rg7 {[%clk 0:07:37]} hxg4 {[%clk 0:01:58]} 33. fxg4
{[%clk 0:07:47]} Rb8 {[%clk 0:01:38]} 34. Kf3 {[%clk 0:06:07]} Rb2
{[%clk 0:01:07]} 35. Nb4 {[%clk 0:01:14]} e4+ {[%clk 0:00:52]} 36. Kxe4
{[%clk 0:00:59]} Rxe2+ {[%clk 0:01:16]} 37. Kf3 {[%clk 0:01:16]} Re3+
{[%clk 0:01:37]} 38. Kg2 {[%clk 0:01:35]} Rg3+ {[%clk 0:01:50]} 0-1

[Event "WCO 2016"]
[Site "?"]
[Date "2016.09.13"]
[Round "11"]
[Board "28"]
[WhiteID "7600402"]
[White "Alzaim Talal"]
[BlackID "4633385"]
[Black "Mueller Oliver"]
[Result "0-1"]
[BlackElo "2272"]
[WhiteElo "2259"]
[LiveChessVersion "1.4.8"]

1. d4 Nf6 2. c4 e6 3. Nc3 Bb4 4. e3 O-O 5. Nge2 d5 6. a3 Be7 7. cxd5 exd5 8. g3
c6 9. Bg2 Bf5 10. O-O Nbd7 11. f3 Nb6 12. e4 dxe4 13. fxe4 Bg4 14. h3 Bxe2 15.
Nxe2 c5 16. d5 Bd6 17. Bg5 Nbd7 18. Qb3 Qc7 19. Bf4 Rfe8 20. Nc3 a6 21. Rae1 b5
22. Kh2 h5 23. Kh1 h4 24. Bxd6 Qxd6 25. g4 Ne5 26. Qd1 Ng6 27. Qf3 Re5 28. a4 b4
29. Nb1 Re7 30. Nd2 Ne5 31. Qe2 Rc8 32. b3 Rce8 33. g5 Nfd7 34. Qh5 Ng6 35. Nc4
Qg3 36. Re3 Nf4 37. Rxg3 Nxh5 38. Rg4 Ng3+ 39. Rxg3 hxg3 40. Nd6 Rf8 41. Rf3 Ne5
42. Rxg3 g6 43. Re3 Rd8 44. Nc4 Nxc4 45. bxc4 Re5 46. h4 Kg7 47. Kh2 f6 48. gxf6+
Kxf6 49. Kg3 Rb8 50. Rb3 Rh5 51. Bf3 Rhh8 52. Kf4 Rxh4+ 53. Bg4 g5+ 54. Kg3 Ke5
55. Bf5 Rxe4 56. Bxe4 Kxe4 0-1

[Event "WCO 2016"]
[Site "?"]
[Date "2016.09.13"]
[Round "11"]
[Board "29"]
[WhiteID "6400361"]
[White "Munoz Santana Jose Lisandro"]
[BlackID "14114496"]
[Black "Yarmonov Igor"]
[Result "0-1"]
[BlackElo "2398"]
[WhiteElo "2439"]
[LiveChessVersion "1.4.8"]

1. Nf3 {[%clk 1:30:55]} d5 {[%clk 1:30:53]} 2. c4 {[%clk 1:31:16]} e6
{[%clk 1:30:19]} 3. g3 {[%clk 1:31:38]} Nf6 {[%clk 1:30:24]} 4. Bg2
{[%clk 1:32:01]} Be7 {[%clk 1:30:24]} 5. O-O {[%clk 1:32:08]} O-O
{[%clk 1:30:45]} 6. b3 {[%clk 1:32:20]} b6 {[%clk 1:29:22]} 7. Bb2
{[%clk 1:32:17]} Bb7 {[%clk 1:29:49]} 8. e3 {[%clk 1:32:30]} dxc4
{[%clk 1:29:20]} 9. bxc4 {[%clk 1:32:52]} Nbd7 {[%clk 1:29:13]} 10. Qe2
{[%clk 1:26:32]} Nc5 {[%clk 1:25:41]} 11. d4 {[%clk 1:23:55]} Na4
{[%clk 1:25:09]} 12. Bc1 {[%clk 1:21:25]} Qe8 {[%clk 1:24:40]} 13. Na3
{[%clk 1:15:55]} a6 {[%clk 1:24:34]} 14. Qc2 {[%clk 1:14:48]} c5 {[%clk 1:24:46]}
15. Rd1 {[%clk 1:12:54]} b5 {[%clk 1:20:15]} 16. Qb3 {[%clk 0:59:23]} Bc6
{[%clk 1:13:53]} 17. Bd2 {[%clk 0:49:31]} Rb8 {[%clk 0:53:16]} 18. cxb5
{[%clk 0:33:23]} axb5 {[%clk 0:53:41]} 19. dxc5 {[%clk 0:29:09]} Nxc5
{[%clk 0:53:37]} 20. Qb1 {[%clk 0:29:30]} b4 {[%clk 0:43:32]} 21. Nc4
{[%clk 0:29:43]} Be4 {[%clk 0:29:13]} 22. Qb2 {[%clk 0:29:58]} Nd3
{[%clk 0:29:00]} 23. Qb3 {[%clk 0:29:28]} Nc5 {[%clk 0:26:54]} 24. Qb2
{[%clk 0:29:52]} b3 {[%clk 0:26:08]} 25. axb3 {[%clk 0:27:25]} Nxb3 26. Ra2
{[%clk 0:25:42]} Qb5 {[%clk 0:23:10]} 27. Nfe5 {[%clk 0:06:51]} Bxg2
{[%clk 0:21:11]} 28. Kxg2 {[%clk 0:07:20]} Rfd8 {[%clk 0:19:27]} 29. Qc2
{[%clk 0:05:40]} Qb7+ {[%clk 0:13:28]} 30. f3 {[%clk 0:06:02]} Nxd2
{[%clk 0:09:09]} 31. Rxd2 {[%clk 0:06:27]} Qc7 {[%clk 0:06:55]} 32. e4
{[%clk 0:04:12]} Bc5 {[%clk 0:06:42]} 33. Qd1 {[%clk 0:03:31]} g6
{[%clk 0:05:14]} 34. Rac2 {[%clk 0:03:07]} Bb4 {[%clk 0:03:36]} 35. Nd6
{[%clk 0:02:18]} Rxd6 {[%clk 0:03:19]} 36. Rxc7 {[%clk 0:01:00]} Rxd2+
{[%clk 0:03:28]} 37. Qxd2 {[%clk 0:01:26]} Bxd2 {[%clk 0:03:37]} 38. Nxf7
{[%clk 0:01:54]} Be3 {[%clk 0:03:07]} 39. f4 {[%clk 0:01:13]} Rb2+
{[%clk 0:02:11]} 40. Kf1 {[%clk 0:30:44]} Rxh2 {[%clk 0:31:54]} 41. Ng5
{[%clk 0:30:52]} Nh5 {[%clk 0:31:30]} 42. Ke1 {[%clk 0:28:32]} Nxg3
{[%clk 0:28:44]} 43. Rc8+ {[%clk 0:27:59]} Kg7 {[%clk 0:29:06]} 44. Rc7+
{[%clk 0:28:28]} Kf8 {[%clk 0:28:53]} 45. Nxe6+ {[%clk 0:27:58]} Kg8
{[%clk 0:29:19]} 46. Rg7+ {[%clk 0:27:07]} Kh8 {[%clk 0:29:32]} 47. Kd1
{[%clk 0:27:37]} Rd2+ {[%clk 0:27:09]} 48. Ke1 {[%clk 0:28:06]} Rc2
{[%clk 0:26:33]} 49. Rd7 {[%clk 0:28:09]} Rc1+ {[%clk 0:26:59]} 50. Rd1
{[%clk 0:28:37]} Rxd1+ {[%clk 0:27:01]} 51. Kxd1 {[%clk 0:29:06]} Nxe4
{[%clk 0:27:27]} 52. Ke2 {[%clk 0:29:10]} Bc1 {[%clk 0:27:12]} 53. Kf3
{[%clk 0:29:28]} Nf6 {[%clk 0:27:03]} 54. Kg3 {[%clk 0:29:32]} Nh5+
{[%clk 0:26:40]} 0-1